000
00282nam a22001217a 4500
008
180222b xxu||||| |||| 00| 0 eng d
041
_a
eng
080
_a
616
100
_a
3
101
_a
SHM
245
_a
INSOMNIA A GUIDE FOR MEDICAL PRACTITIONERS
_c
MARKS.J
942
_2
udc
_c
BK
999
_c
43195
_d
43195